000 00603nam a2200229Ia 4500
003 OSt
005 20221005133516.0
006 a|||||r|||| 00| 0
007 ta
008 221004b |||||||| |||| 00| 0 san d
024 _a122865
037 _bGift, 20/11/2012,
_cTextual
040 _aCRL
_cCRL
_bsan
041 _2san
_asan
082 _aR635x1:1:9, 15M2
100 _aMaharsipatanjali
_9642538
245 0 _aYogasutram
260 _c1982
650 _aPHILOSOPHY
942 _hR635x1:1:9, 15M2
_cTEXL
_2cc
999 _c1067044
_d1067044